000 00336nam a22001457a 4500
008 221013b ||||| |||| 00| 0 eng d
020 _a0801601045
041 _aeng
080 _2VOLUME XXXV
_a617
082 _a617 AND
100 _a15.1
101 _aORTO
245 _aINSTRUCTIONAL COURSE LECTURES
_cANDERSON L
942 _2udc
_cBK
999 _c58546
_d58546